000 01120cam a22003377a 4500
003 CHAP
005 20220329133939.0
008 971013s1981 r 00010 d
010 _a13058
011 _a14030
035 _a18103
040 _cCHAP
082 _a333.0972
_bG62 1981
100 0 0 _aGómez, Sergio.
_949965
245 1 3 _aEl jacal
_b: estudio de caso de un ejido mexicano
250 _a2 ed.
260 _aMéxico, D.F. :
_bCentro de Investigaciones para el Desarrollo Rural,
_c1981
300 _a168 p.
500 _a1a. ed. título diferente
590 _aBATCH-UPD
_b10
_c20130110
_lUCH01
_h1155
590 _aBATCH-UPD
_b10
_c20130409
_lUCH01
_h2127
590 _aBATCH-UPD
_b10
_c20130410
_lUCH01
_h0738
590 _aBATCH-UPD
_b10
_c20130913
_lUCH01
_h2136
590 _aCONVERSION
_b10
_c20130109
_lUCH01
_h1308
650 1 4 _aAgricultura cooperativa
_xMéxico (Edo.)
_91976
650 1 4 _aEjidos
_xMéxico (Edo.)
_936020
650 1 4 _aTierras
_xTenencia
_zMéxico (Edo.).
_9113216
901 _aBK
942 _cLIBRO
949 _a333.0972 G62 1981
_bBC
_cLIBRO
_d33724000324679
_eLIBRO
_h64397
_i18103
_mD
_si
999 _c13058
_d13058